000 00850cam a22002655a 4500
999 _c121210
_d121210
001 K121210
008 130614s2017 xxk f 000 0 eng d
020 _a9781351274807
035 _a(Sirsi) u157863
041 0 _aeng
100 1 _aCohen, Elaine
245 0 0 _aSustainability for SMEs
260 _bRoutledte
_c2017
300 _aebook
520 _aOffers advice for Small Management Enterprises (SMES) on sustainability reporting, developing a sustainability strategy for their businesses and sustainable energy options
650 2 4 _aEBOOK
650 2 4 _aSMEs
650 2 4 _aEnergy
651 4 _aUnited Kingdom
690 _aSustainability
_96271
700 _aMckay, Alexandra
700 _aWolfe, Philip
856 4 0 _uhttps://www.vlebooks.com/
_zView on VLEbooks. Logins for members only from [email protected]
942 _n0